| 000 | 01437naa a22003257a 4500 | ||
|---|---|---|---|
| 001 | BR8204776 | ||
| 003 | BR-BrBNA | ||
| 005 | 20240918175143.0 | ||
| 007 | ta | ||
| 008 | 230509b bl.||||| |||| 00| 0 por d | ||
| 040 |
_aBR-BrBNA _bpor _cBiblioteca Nacional de Agricultura |
||
| 041 | _a(Pt) | ||
| 072 |
_aF22; F23 _b3856 _bG514 |
||
| 090 | _aF22 BR8204776 | ||
| 100 | 1 | _aModenesi, M.C. | |
| 100 | 1 | _aMatsui, E. | |
| 100 | 1 | _aVolkoff, B. | |
| 111 | 1 |
_aColoquio Regional Sobre Materia Organica do Solo _cPiracicaba, SP (Brazil) _d18-22 Oct 1982 |
|
| 245 | 1 | _aRelacao 13C/12C nos horizontes humiferos superficiais e nos horizontes escuros profundos dos solos de campo e mata da regiao de Campos do Jordao, Sao Paulo, Brasil | |
| 260 | 3 |
_aPiracicaba, SP (Brasil): _c1982. |
|
| 500 | _aCerri, C.C.; Vose, P.B.; Athie, D.; Sodrzeieski, D. (eds.) Anais do coloquio regional sobre materia organica do solo Piracicaba, SP (Brasil): 1982. p. 155-160 (BR8204776-AM)F22 | ||
| 650 | _aQUIMICA DO SOLO | ||
| 650 | _aHUMUS | ||
| 650 | _aPERFIL DO SOLO | ||
| 650 | _aCAMPOS DE JORDAO | ||
| 650 | _aSAO PAULO | ||
| 773 | 0 |
_tAnais do coloquio regional sobre materia organica do solo _aCerri, C.C.; Vose, P.B.; Athie, D.; Sodrzeieski, D. (eds.). Centro de Energia Nuclear na Agricultura, Piracicaba, SP (Brasil) _wF22 BR8204776 _gPiracicaba, SP (Brasil), 1982. p. 155-160 |
|
| 909 |
_a202404 _bLucia _c55 _dLucia Elande |
||
| 942 |
_cAM _2AGRIS |
||
| 999 |
_c315291 _d315291 |
||